[Event "II liga SSCS 2015- zapad"]
[Site "Ravni Gaj"]
[Date "2015.10.09"]
[Round "7.5"]
[White "Zivkovic, Dejan"]
[Black "Matovic, Petar"]
[Result "1-0"]
[WhiteElo "2291"]
[BlackElo "2165"]
[PlyCount "111"]
[EventDate "2015.09.04"]

1. d4 d5 2. Nf3 Bf5 3. c4 c6 4. Qb3 Qb6 5. c5 Qc7 6. Nc3 Nf6 7. Bf4 Qc8 8. h3
h6 9. Qa4 Nbd7 10. b4 a6 11. e3 e6 12. Be2 Be7 13. O-O O-O 14. Qb3 Bd8 15. a4
a5 16. b5 Bc7 17. Bxc7 Qxc7 18. b6 Qb8 19. Bd1 e5 20. Bc2 e4 21. Nd2 Be6 22.
Ne2 Nh7 23. Qc3 f5 24. Nb3 g5 25. f4 Rf7 26. Nxa5 Nhf8 27. Nb3 Qd8 28. a5 Nb8
29. Nbc1 Ng6 30. Na2 Na6 31. Nb4 Nh4 32. Nxa6 Rxa6 33. Kf2 Rg7 34. g3 Nf3 35.
Ng1 gxf4 36. exf4 Nxg1 37. Rxg1 Kh8 38. Bd1 Ra8 39. Be2 Bc8 40. Qe3 Qf6 41. Ra4
Kh7 42. Rga1 Re7 43. a6 bxa6 44. Bxa6 Bxa6 45. Rxa6 Rxa6 46. Rxa6 Qg7 47. Ra8
h5 48. Rc8 Rb7 49. Rxc6 Qd7 50. Rd6 Qb5 51. Qe2 e3+ 52. Qxe3 Qb2+ 53. Kf1 Qa1+
54. Kg2 Rg7 55. Qe2 Qa8 56. Re6 1-0

[Event "II liga SSCS 2015- zapad"]
[Site "Ravni Gaj"]
[Date "2015.10.09"]
[Round "7.5"]
[White "Radosavljevic, Slobodan S"]
[Black "Ignjatovic, Predrag"]
[Result "1-0"]
[WhiteElo "2162"]
[BlackElo "2263"]
[PlyCount "111"]
[EventDate "2015.09.04"]

1. d4 Nf6 2. Nf3 e6 3. c4 b6 4. g3 Bb4+ 5. Bd2 Be7 6. Bg2 Bb7 7. Nc3 d5 8. Ne5
O-O 9. Bg5 Nbd7 10. cxd5 Nxd5 11. Bxe7 Qxe7 12. Nxd5 Bxd5 13. Bxd5 exd5 14. Nc6
Qe6 15. Rc1 a5 16. O-O Rae8 17. e3 Nf6 18. Kg2 Ne4 19. h4 Qf5 20. Ne5 c5 21.
Qc2 f6 22. Nf3 c4 23. Nd2 Qd7 24. Nxe4 Rxe4 25. b3 Rc8 26. bxc4 Rxc4 27. Qb3
Qc6 28. Rb1 Re6 29. Rb2 Rc3 30. Qb5 Qxb5 31. Rxb5 Rd6 32. Rfb1 Rcc6 33. Kf3 Kf7
34. R1b2 Ke6 35. Kf4 Kd7 36. g4 Kc7 37. h5 Rc1 38. f3 Rc3 39. R5b3 Rc4 40. h6
g6 41. Rd2 Kc6 42. Rdb2 Kc7 43. Rd2 Kb7 44. g5 Kc7 45. Rf2 Kc6 46. Rfb2 Kc7 47.
Rf2 Kb7 48. Rd2 Ka6 49. Rdb2 a4 50. Rb5 a3 51. R2b3 Rc2 52. gxf6 Rxf6+ 53. Ke5
Rxf3 54. Kxd5 Rff2 55. e4 g5 56. e5 1-0

[Event "II liga SSCS 2015- zapad"]
[Site "Ravni Gaj"]
[Date "2015.10.09"]
[Round "7.5"]
[White "Savic, Dragan"]
[Black "Markovic, Aleksandar"]
[Result "0-1"]
[WhiteElo "2116"]
[BlackElo "2200"]
[PlyCount "139"]
[EventDate "2015.09.04"]

1. e4 c5 2. Nf3 Nf6 3. e5 Nd5 4. c3 Nc6 5. Bb5 g6 6. Qb3 Nc7 7. Bxc6 dxc6 8.
O-O Bg7 9. Re1 O-O 10. d4 cxd4 11. Nxd4 Qd5 12. Bg5 Qxb3 13. Nxb3 Re8 14. N1d2
Ne6 15. Bh4 b6 16. Nf3 c5 17. Rad1 h6 18. Nbd2 Bb7 19. Nc4 g5 20. Bg3 Rad8 21.
Ne3 Rxd1 22. Rxd1 Bxf3 23. gxf3 Rd8 24. Rxd8+ Nxd8 25. Nf5 Nc6 26. f4 e6 27.
Nd6 gxf4 28. Bxf4 Bxe5 29. Bxe5 Nxe5 30. Nc8 Nc6 31. Kf1 Kg7 32. Ke2 Kf6 33.
Nd6 e5 34. f3 Ke6 35. Nc4 Ne7 36. Ne3 Nd5 37. Ng4 f5 38. Nf2 Kf6 39. a4 Nf4+
40. Kd2 c4 41. Nd1 Nd3 42. b3 Nc5 43. bxc4 Nxa4 44. Ne3 Ke6 45. Nd5 Nb2 46.
Nc7+ Kd7 47. Nd5 Nxc4+ 48. Kd3 Nd6 49. f4 Ke6 50. Nc7+ Kf6 51. Nd5+ Ke6 52.
Nc7+ Kd7 53. Nd5 exf4 54. Nxf4 Ne4 55. Kd4 Kd6 56. Ng6 Ng5 57. Nh4 Ke6 58. Kd3
f4 59. Ng6 Kf5 60. Ne7+ Kg4 61. Ke2 Ne4 62. Nd5 b5 63. Kd3 Nc5+ 64. Ke2 a5 65.
Nf6+ Kf5 66. Nd5 a4 67. Nc7 a3 68. Nxb5 a2 69. Nd4+ Ke4 70. Nb3 0-1

[Event "II liga SSCS 2015- zapad"]
[Site "Ravni Gaj"]
[Date "2015.10.09"]
[Round "7.5"]
[White "Roljevic, Djordje"]
[Black "Kojic, Djordje"]
[Result "1/2-1/2"]
[WhiteElo "2090"]
[BlackElo "1915"]
[PlyCount "56"]
[EventDate "2015.09.04"]

1. d4 Nf6 2. Nf3 c5 3. d5 e6 4. Nc3 d6 5. e4 exd5 6. Nxd5 Be7 7. Bb5+ Bd7 8.
Bxd7+ Nbxd7 9. O-O O-O 10. Bf4 Nxd5 11. Qxd5 Nf6 12. Qd3 Qb6 13. Rfe1 Rfd8 14.
c4 Ng4 15. h3 Ne5 16. Bxe5 dxe5 17. Qc2 Qc7 18. Rad1 Rxd1 19. Rxd1 Rd8 20. Rd5
Rxd5 21. exd5 h6 22. Qf5 Bd6 23. g4 g6 24. Qe4 a6 25. a4 Kg7 26. Kg2 f6 27. b3
Qf7 28. Nh4 b6 1/2-1/2

[Event "II liga SSCS 2015- zapad"]
[Site "Ravni Gaj"]
[Date "2015.10.09"]
[Round "7.5"]
[White "Nenadovic, Ljubisa"]
[Black "Kozaicevski, Fedja"]
[Result "0-1"]
[WhiteElo "2137"]
[BlackElo "1965"]
[PlyCount "62"]
[EventDate "2015.09.04"]

1. d4 Nf6 2. c4 g6 3. Nc3 Bg7 4. e4 d6 5. f4 O-O 6. Nf3 Bg4 7. Be2 Bxf3 8. Bxf3
e5 9. dxe5 dxe5 10. Qxd8 Rxd8 11. fxe5 Nfd7 12. Nd5 Bxe5 13. Bg5 f6 14. Bh4 c6
15. Nc3 Nb6 16. Be2 Na6 17. O-O Rd2 18. Bg4 Kg7 19. Rac1 Rad8 20. b3 Nb4 21.
Be1 Rb2 22. Na4 Nxa2 23. Nxb2 Nxc1 24. Na4 Nxb3 25. Nxb6 axb6 26. Bf2 Bd4 27.
Rd1 Bxf2+ 28. Kxf2 Rxd1 29. Bxd1 Nd2 30. Be2 Nxe4+ 31. Ke3 f5 0-1

[Event "II liga SSCS 2015- zapad"]
[Site "Ravni Gaj"]
[Date "2015.10.09"]
[Round "7.6"]
[White "Savicevic, Vlatko"]
[Black "Stojanovic, Marko"]
[Result "1-0"]
[WhiteElo "2320"]
[BlackElo "2291"]
[PlyCount "119"]
[EventDate "2015.09.04"]

1. e4 e5 2. Nf3 Qe7 3. Nc3 c6 4. d4 d6 5. Bc4 h6 6. a4 a5 7. O-O Nf6 8. dxe5
dxe5 9. Qe2 Qc7 10. Rd1 Be7 11. h3 g5 12. Nh2 Rg8 13. Nf1 g4 14. h4 g3 15. Nxg3
Ng4 16. Nf5 Bxf5 17. exf5 Bxh4 18. Ne4 Be7 19. Bd2 Nd7 20. Bc3 Kf8 21. Ba2 Ndf6
22. Qc4 Rg7 23. Nxf6 Bxf6 24. Qe4 Bh4 25. Rd2 Rd8 26. Re2 Bf6 27. Rf1 h5 28. f3
Nh6 29. Bxe5 Bxe5 30. Qxe5 Qxe5 31. Rxe5 Rd2 32. Rf2 Rd1+ 33. Kh2 Rg5 34. Rxa5
Rxf5 35. Rxf5 Nxf5 36. Bc4 Kg7 37. Bd3 Nd4 38. Kg3 Kf6 39. Kf4 Re1 40. Bc4 h4
41. Rd2 c5 42. c3 Ne6+ 43. Kg4 Ra1 44. b3 Rc1 45. Kxh4 Rxc3 46. Rd7 Rc2 47. Kg3
b6 48. Rb7 Ra2 49. Rxb6 Ke5 50. Rb7 Nd4 51. Re7+ Kd6 52. Rxf7 Rb2 53. a5 Ke5
54. f4+ Kd6 55. a6 Ra2 56. Kh3 Ra3 57. Rb7 Ra2 58. g4 Rf2 59. a7 Ra2 60. Rb6+
1-0

[Event "II liga SSCS 2015- zapad"]
[Site "Ravni Gaj"]
[Date "2015.10.09"]
[Round "7.6"]
[White "Ljubinkovic, Miodrag"]
[Black "Simic, Dragisa"]
[Result "1/2-1/2"]
[WhiteElo "2256"]
[BlackElo "2309"]
[PlyCount "72"]
[EventDate "2015.09.04"]

1. d4 Nf6 2. c3 g6 3. Nf3 Bg7 4. Bf4 O-O 5. e3 d6 6. Bc4 c5 7. Nbd2 Nc6 8. a3
Qb6 9. b4 cxd4 10. exd4 e5 11. dxe5 Ng4 12. O-O dxe5 13. Bg3 Kh8 14. Qb3 f6 15.
Ne4 Nh6 16. Nc5 Na5 17. bxa5 Qxc5 18. Qb4 Qc7 19. Rfe1 Bg4 20. Bd5 Rab8 21. h3
Bd7 22. c4 Nf5 23. Bh2 Bc6 24. Rad1 Ne7 25. Nd4 Nxd5 26. cxd5 Bxd5 27. Nb5 Qc4
28. Nxa7 Rfd8 29. Qb6 Re8 30. Nb5 Qc6 31. Nc7 Red8 32. Rc1 Qxb6 33. axb6 Bc6
34. f4 exf4 35. Bxf4 Rbc8 36. Rcd1 Bf8 1/2-1/2

[Event "II liga SSCS 2015- zapad"]
[Site "Ravni Gaj"]
[Date "2015.10.09"]
[Round "7.6"]
[White "Biljanic, Ljubomir"]
[Black "Djuric, Zoran"]
[Result "1-0"]
[WhiteElo "2230"]
[BlackElo "2215"]
[PlyCount "101"]
[EventDate "2015.09.04"]

1. d4 d5 2. c4 e6 3. Nc3 Nf6 4. Bg5 Be7 5. e3 Nbd7 6. Qc2 c6 7. Nf3 h6 8. Bf4
Bb4 9. a3 Ba5 10. Rc1 Ne4 11. b4 Nxc3 12. Qxc3 Bb6 13. Bd3 dxc4 14. Qxc4 Nf6
15. O-O O-O 16. Bb1 Qd5 17. Qc2 Qf5 18. Qe2 Qh5 19. Be5 Rd8 20. Qd3 a5 21. Nd2
axb4 22. axb4 Kf8 23. Nc4 Ba7 24. f4 Ne8 25. Qh7 b6 26. f5 f6 27. fxe6 Bxe6 28.
Bg6 Bg8 29. Qxg8+ Kxg8 30. Bxh5 fxe5 31. Nxe5 c5 32. Bf3 Rac8 33. Nc6 Rxc6 34.
Bxc6 cxd4 35. Ra1 Bb8 36. Bxe8 Rxe8 37. exd4 Rd8 38. Rad1 Rd5 39. g4 Rb5 40.
Rc1 Bd6 41. Rc4 Rg5 42. h3 b5 43. Rc8+ Kh7 44. Rf5 Bxb4 45. Rxg5 hxg5 46. d5
Be7 47. Kf1 b4 48. Ke2 b3 49. Kd3 Bf6 50. d6 b2 51. Kc2 1-0

[Event "II liga SSCS 2015- zapad"]
[Site "Ravni Gaj"]
[Date "2015.10.09"]
[Round "7.6"]
[White "Ilic, Zdravko"]
[Black "Djosic, Slavoljub"]
[Result "0-1"]
[WhiteElo "2131"]
[BlackElo "2281"]
[PlyCount "36"]
[EventDate "2015.09.04"]

1. e4 g6 2. d4 Bg7 3. f4 d6 4. c4 Nc6 5. Be3 Nf6 6. e5 dxe5 7. dxe5 Qxd1+ 8.
Kxd1 Ng4 9. Ke2 Be6 10. Na3 f6 11. Nb5 O-O-O 12. Bxa7 Bxc4+ 13. Kf3 Bxb5 14.
Bxb5 Nxa7 15. Ba4 h5 16. h3 fxe5 17. Bc2 exf4 18. Bxg6 Ne5+ 0-1

[Event "II liga SSCS 2015- zapad"]
[Site "Ravni Gaj"]
[Date "2015.10.09"]
[Round "7.6"]
[White "Rajevic, Gavrilo"]
[Black "Rikalovic, Dimitrije"]
[Result "1-0"]
[WhiteElo "2264"]
[BlackElo "1996"]
[PlyCount "61"]
[EventDate "2015.09.04"]

1. e4 d6 2. d4 c6 3. Nc3 Nf6 4. f4 g6 5. Nf3 Bg7 6. Bd3 O-O 7. O-O a5 8. a3 Na6
9. e5 Nd7 10. Ne4 dxe5 11. fxe5 c5 12. c3 cxd4 13. cxd4 Qb6 14. Kh1 Nc7 15. Qe1
Nb8 16. Qh4 Nc6 17. Bc4 h5 18. h3 Be6 19. Bxe6 fxe6 20. Bd2 Rad8 21. Bc3 Qb5
22. Rfe1 Qd5 23. Qg5 Nb5 24. Qxg6 Rf4 25. Neg5 Nbxd4 26. Bxd4 Nxd4 27. Nxd4 Rf2
28. Ngf3 Rc8 29. Nxe6 Rxg2 30. Kxg2 Rc2+ 31. Qxc2 1-0

[Event "II liga SSCS 2015- zapad"]
[Site "Ravni Gaj"]
[Date "2015.10.09"]
[Round "7.6"]
[White "Savic, Petar A"]
[Black "Adzic, Momcilo"]
[Result "0-1"]
[WhiteElo "2113"]
[BlackElo "2232"]
[PlyCount "130"]
[EventDate "2015.09.04"]

1. e4 e5 2. Nf3 Nc6 3. Bc4 Bc5 4. O-O Nf6 5. Nc3 d6 6. h3 O-O 7. d3 h6 8. a3 a6
9. Ne2 d5 10. exd5 Nxd5 11. Ng3 Re8 12. Re1 Bb6 13. Bd2 Be6 14. Qc1 Qf6 15. Ne4
Qg6 16. Kf1 Rad8 17. Ba2 f5 18. Ng3 f4 19. Ne4 Nf6 20. Bxe6+ Rxe6 21. Bc3 Nd5
22. Bd2 Nde7 23. b4 Nf5 24. Bc3 Nfd4 25. Bxd4 Nxd4 26. Nxd4 Bxd4 27. Rb1 f3 28.
g4 Rf8 29. c3 Bb6 30. Rd1 Rf4 31. Qc2 h5 32. g5 Qf5 33. Ke1 Rh4 34. Ng3 Qxg5
35. Qb3 Qg6 36. Qd5 Rxh3 37. Ne4 Kh8 38. Kd2 Rh2 39. Rh1 Rxh1 40. Rxh1 Qf5 41.
Qd8+ Kh7 42. Ng5+ Kg6 43. Nxe6 Qxe6 44. Rg1+ Kh7 45. c4 Bxf2 46. Rh1 h4 47.
Qxc7 e4 48. Qxb7 e3+ 49. Kc2 e2 50. Qxf3 e1=Q 51. Rxe1 Bxe1 52. Qh5+ Kg8 53. a4
h3 54. b5 axb5 55. axb5 Bg3 56. b6 h2 57. Qf3 Qxb6 58. Qd5+ Kf8 59. c5 Qf6 60.
c6 g6 61. Qg2 Kg7 62. Kb3 Bc7 63. Kc4 Qa1 64. Qh3 h1=Q 65. Qd7+ Kh6 0-1

[Event "II liga SSCS 2015- zapad"]
[Site "Ravni Gaj"]
[Date "2015.10.09"]
[Round "7.6"]
[White "Dikic, Veljko"]
[Black "Rikalovic, Milan"]
[Result "1-0"]
[WhiteElo "1959"]
[BlackElo "2045"]
[PlyCount "101"]
[EventDate "2015.09.04"]

1. e4 e6 2. d4 d5 3. Nd2 Nf6 4. e5 Nfd7 5. Bd3 c5 6. c3 Nc6 7. Ne2 a6 8. O-O
Be7 9. f4 cxd4 10. cxd4 f5 11. exf6 Bxf6 12. Nf3 Qb6 13. Kh1 g6 14. Ne5 Ndxe5
15. fxe5 Be7 16. b3 Bd7 17. Bb2 O-O-O 18. a3 Rhf8 19. Rxf8 Rxf8 20. b4 Kb8 21.
Bc3 Na7 22. a4 Rc8 23. Qd2 Qd8 24. b5 Ka8 25. bxa6 b6 26. Qb2 Rb8 27. Bb4 Nc6
28. Bxe7 Qxe7 29. Nc3 Nxd4 30. Nxd5 exd5 31. Qxd4 Qc5 32. Qb2 Rc8 33. Bb5 Be6
34. h3 d4 35. Rd1 Rd8 36. Rc1 Qxe5 37. a5 Rb8 38. Bc6+ Ka7 39. Bb7 Qxa5 40.
Qxd4 Rf8 41. Qd6 Qf5 42. Qc7 Qf4 43. Qc6 Bd5 44. Qc3 Bxb7 45. axb7 Rb8 46. Ra1+
Kxb7 47. Qg7+ Kc6 48. Qxh7 Qe4 49. Rc1+ Kb5 50. Qd7+ Ka5 51. Ra1+ 1-0